NF - FEAR - Name the Songs - Statistics

General Stats
  • This quiz has been taken 51 times
  • The average score is 5 of 6
Answer Stats
# Song Title % Correct
1 FEAR
100%
2 HOME
87%
6 WASHED UP
87%
5 SORRY (feat. James Arthur)
85%
3 WHO I WAS (feat. mgk.)
85%
4 GIVE ME A REASON
62%
No matching quizzes found
Score Distribution
Percent of People with Each Score
Percentile by Number Answered
Your Score History
You have not taken this quiz